| 000 | 00657ntaaa2200205 4500 | ||
|---|---|---|---|
| 003 | 01 | ||
| 005 | 20251027202931.0 | ||
| 008 | 0714s1973 ag 01 | ||
| 040 |
_aAR-BaBN _bspa _cAR-BaBN _eaacr _dRIC |
||
| 082 | _a922.6742 St4 | ||
| 100 |
_aWilmot, John _929983 |
||
| 245 | _aGod's work in God's way | ||
| 250 | _a1 ed. | ||
| 260 |
_aLondon : _bHighgate Road Chapel, _c1934 |
||
| 300 | _ax, 153 p | ||
| 500 | _aBiografía de la vida y ministerio de James Stephens (1846-1932), pastor bautista de Inglaterra (partícipé en " The Downgrade Controversy") | ||
| 650 |
_aStephens, James (1846-1932) _929984 |
||
| 700 |
_aPizey, James H _929985 |
||
| 942 | _cBK | ||
| 999 |
_c24631 _d24631 |
||